00620nam a22001932 4500001001100000005001700011008004100028020001700069040001500086100004000101245004700141250001300188260004100201300001700242600004000259650003400299651009000333852000300423000001973520151217155902.0110124s xx 000 0 eng d a9966940251 : aKABUcKABU1 aKariuki, Josiah Mwangi.@000014873710aMau Mau detainee /cJosiah Mwangi Kariuki. a1st ed. aNairobi :bTransafrica Press,c2009. axvi, 167 p.10aKariuki, Josiah Mwangi.@0000148737 0aMau Mau Movement.@0000148738 0aKenyaxHistoryxMau Mau emergency, 1952-1960xPersonal narratives, Kenya.@00001796451